COURSE IN ENGLISH COMMUNICATION (Record no. 13471)

MARC details
000 -LEADER
fixed length control field 00345nam a2200133Ia 4500
008 - FIXED-LENGTH DATA ELEMENTS--GENERAL INFORMATION
fixed length control field 240624s9999 xx 000 0 und d
041 ## - LANGUAGE CODE
Language code of text/sound track or separate title eng
082 ## - DEWEY DECIMAL CLASSIFICATION NUMBER
Classification number 423.52 APT
100 ## - MAIN ENTRY--PERSONAL NAME
Personal name APTE MADHAVI
245 ## - TITLE STATEMENT
Title COURSE IN ENGLISH COMMUNICATION
260 ## - PUBLICATION, DISTRIBUTION, ETC.
Date of publication, distribution, etc. 2008
Place of publication, distribution, etc. New Delhi
Name of publisher, distributor, etc. Prentice-Hall of India
300 ## - PHYSICAL DESCRIPTION
Extent viii, : 204 : cm.
365 ## - TRADE PRICE
Currency code RS
Price amount 35
Holdings
Withdrawn status Lost status Damaged status Not for loan Home library Current library Shelving location Date acquired Source of acquisition Cost, normal purchase price Total Holds Full call number Barcode Date last seen Copy number Price effective from Koha item type
Store Books       IMTN IMTN Rack 15-B 07/13/2009 IBH 175.00 434 423.52 APT 13471 06/24/2024 1 06/24/2024 Books
Designed & Maintained by: LRC IMT Nagpur Contact: lrc@imtnag.ac.in© 2024. All Rights Reserved.